000
00277 a2200085 4500
020
_a
9780760383384
100
_a
Elliot Jay Stocks and Ellen Lupton
245
_a
Universal Principles of Typography: 100 Key Concepts for Choosing and Using Type
260
_b
Rockport Publishers
_c
2024
999
_c
13260
_d
13260